Figure Out The Lyrics: TV Theme VII Quiz Stats

 Plays Quiz Updated Oct 6, 2015

Challenge
Share
Tweet
Embed
Score 0/102 Timer 10:00
7 Plays Today
% Correct
I
96.4%
a
95.6%
the
95%
the
95%
the
95%
the
95%
the
95%
the
95%
the
95%
the
95%
the
95%
you
83.6%
we
79.7%
we
79.7%
to
77%
to
77%
to
77%
to
77%
to
77%
to
77%
to
77%
to
77%
to
77%
And
72.2%
is
70.7%
do
69%
on
68.1%
on
68.1%
on
68.1%
On
68.1%
what
57%
of
54.8%
Why
51.3%
Why
51.3%
% Correct
It's
46.8%
It's
46.8%
It's
46.8%
It's
46.8%
It's
46.8%
It's
46.8%
It's
46.8%
It's
46.8%
have
45.5%
this
43.5%
time
42.7%
time
42.7%
time
42.7%
time
42.7%
time
42.7%
time
42.7%
time
42.7%
don't
40.5%
get
38.3%
get
38.3%
get
38.3%
know.
37.7%
up
36.8%
like
32.7%
Show
31.7%
Show
31.7%
show.
31.7%
Show!
31.7%
here?
31.5%
come
30.5%
now
27.7%
always
27.1%
play
27%
Muppet
25.3%
% Correct
Muppet
25.3%
Muppet
25.3%
never
24.9%
light
24.6%
tonight.
24.2%
tonight.
24.2%
right.
24.2%
call
23.4%
put
22.8%
music.
22.7%
lights.
21.8%
we'll
21.3%
things
18.9%
things
18.9%
things
18.9%
most
18%
started.
17.3%
started?
17.3%
started.
17.3%
guess
16.5%
let's
16.5%
make-up.
16.5%
watch
15.3%
meet
15%
sensational,
14.1%
dress
14%
curtain
13.8%
raise
13.6%
inspirational,
13.6%
kind
12.1%
Muppets
11.8%
celebrational,
10.9%
muppetational....
10.8%
torture
9.7%

You're not logged in!

Compare scores with friends on all Sporcle quizzes.
Join for Free
OR
Log In

You Might Also Like...

Show Comments

Extras

Top Quizzes Today


Score Distribution

Your Account Isn't Verified!

In order to create a playlist on Sporcle, you need to verify the email address you used during registration. Go to your Sporcle Settings to finish the process.

Report this User

Report this user for behavior that violates our Community Guidelines.

Details: